000 00755nam a2200229Ii 4500
003 JO-AjNU
008 230605s9999||||xx |||||||||||||| ||und||
017 _a2013/3/794
020 _a978-9957-7-090-91
040 _aJO-AjNU
_bara
_erda
_cJO-AjNU
041 _aara
050 1 4 _aHF5686.C8.A28 2020
100 3 _aأبو نصار، محمد,
_eauthor
_962717
245 0 0 _aمحاسبة التكاليف= COST ACCOUNTING
250 _aط3
264 3 1 _aعمان: دار وائل للنشر والتوزيع، 2020
300 _a431ص
336 _atext
_btxt
_2rdacontent
337 _aunmediated
_bn
_2rdamedia
338 _avolume
_bnc
_2rdacarrier
650 4 _aمحاسبة التكاليف-المحاسبة المالية-المحاسبة
_962718
999 _aA28413
_c31981
_d31981